Представление документа в формате MARC21

Поле Инд. ПП Название Значение
Тип записи a
Библиографический уровень m
001 Контрольный номер 004710093
005 Дата корректировки 20140703201305.1
008 Кодируемые данные 100726s2010 y zzzz 000 1 rusdu
020 a ISBN 978-5-8114-0478-0
040 a Служба первич. каталог. НБ ТвГУ
d Организация, изменившая запись RuMo
e Правила каталог. rcr
041 a Код языка текста rus
080 a Индекс УДК 544.77(075.8)
084 a Индекс другой классификации/Индекс ББК Г6я73-1
090 a Полочн. индекс Г6
x Авторский знак Г 32
100 1_ a Автор Гельфман Марк Иосифович
q Полное имя Гельфман. М. И.
245 10 a Заглавие Коллоидная химия
b Продолж. заглавия [учебник]
250 a Основные сведения об издании Изд. 5-е, стер.
260 a Место издания Санкт-Петербург
a Место издания Москва
a Место издания Краснодар
b Издательство Лань
c Дата издания 2010
300 a Объем 332 с.
b Иллюстрации/ тип воспроизводства ил., табл.
c Размеры 21 см
504 a Библиография Библиогр.: с. 328 (20 назв.)
520 a Аннотация В книге изложены физико-химические основы учения о поверхностных явлениях и дисперсных системах. Подробно рассматриваются способы получения дисперсных систем, вопросы их устойчивости и физические свойства лиофобных золей и лиофильных коллоидов. Значительное внимание уделяется описанию микрогетерогенных систем: суспензий, эмульсий, пен, аэрозолей, порошков, широко встречающихся в природе и применяемых в различных областях промышленности. Предназначается для студентов технологических высших учебных заведений.
653 a Ключевые слова Коллоидная химия
a Ключевые слова Учебники для вузов
a Ключевые слова Химия
700 1_ a Другие авторы Ковалевич Ольга Викторовна
q Полное имя Ковалевич, О. В.
700 1_ a Другие авторы Юстратов Владимир Петрович
q Полное имя Юстратов, В. П.
901 t Тип документа m
920 a Оператор Хохл
930 a Новая/Ретро учебники
952 c Вид литературы К ру
954 a Дата поступления на обработку 20111226